Semenárstvo /
Uložené v:
| Hlavný autor: | |
|---|---|
| Médium: | Kniha |
| Jazyk: | Slovak |
| Vydané: |
Bratislava :
Príroda,
1989
|
| Vydanie: | 2. preprac. a dopl. vyd. |
| Edícia: | Rastlinná výroba
|
| ISBN: |
8007000836 (viaz.) |
| Fyzický popis: |
220 s. |
| Tagy: |
Pridať tag
Žiadne tagy, Buďte prvý kto otaguje tento záznam!
|
Titul je dostupný aj v ... 

MARC
| LEADER | 00000nam a2200000 a 4500 | ||
|---|---|---|---|
| 001 | 000201521 | ||
| 005 | 20060824170939.0 | ||
| 008 | 060420s1989 xo e 000 0 sloo | ||
| 020 | |a 8007000836 (viaz.) | ||
| 040 | |a SVKKK |b slo |c SVKKK |e AACR2 | ||
| 041 | 0 | |a slo | |
| 044 | |a xo |c SK | ||
| 100 | 1 | |a Žilka, Pavol |4 aut | |
| 245 | 1 | 0 | |a Semenárstvo / |c Pavol Žilka ... [et al.] |
| 250 | |a 2. preprac. a dopl. vyd. | ||
| 260 | |a Bratislava : |b Príroda, |c 1989 | ||
| 300 | |a 220 s. | ||
| 440 | 0 | |a Rastlinná výroba | |
| 919 | |a 80-07-00083-6 | ||
| 998 | |a BK | ||
| 090 | |g SCKHL |k Sklad |a IV.153996 |j 797166 |i 2720011934 |s Absenčne | ||